000 00463nam a2200181Ia 4500
003 OSt
005 20240730163056.0
008 210210b1956 xxu||||| |||| 00| 0 eng d
040 _aAL
_c
041 _aKannada
082 _a859/191
100 _aANANDA
_930212
_d ಆನಂದ
245 _aBevubella
_b ಬೇವು ಬೆಲ್ಲ
260 _aMaisuru
_bUsha Sahitya Male
_c1956
690 _aKannada Fiction
_930214
906 _a020968
942 _2ddc
_cBK
999 _c145130
_d145130